| 000 | 00843nam a2200217 i 4500 | ||
|---|---|---|---|
| 001 | 128227 | ||
| 003 | ES-MaACL | ||
| 005 | 20230906193212.0 | ||
| 007 | t| | ||
| 008 | 070626s1989 be ||||1| fre d | ||
| 080 | _a323.272(44)"1794-1814" | ||
| 245 | 0 | 2 |
_aL'héritage de la Révolution française, 1794-1814 : _b[exposición] 17 mars-11 juin 1989, Galerie CGER. |
| 260 |
_a[Bruxelles] : _bCaisse Générale d'Epargne et de Retraite, _c[1989] |
||
| 300 |
_a249 p. : _bil. ; _c28 cm. |
||
| 651 | 4 |
_aFrancia- _xHistoria- _y1789-1799, Revolución- _vExposiciones. _9172899 |
|
| 651 | 4 |
_aFrancia- _xHistoria- _y1789-1799, Revolución- _xInfluencia. _98690 |
|
| 655 | 7 |
_2tgfbne _9193628 _aCatálogos de exposiciones |
|
| 852 |
_aES-MaACL _jE-11755 _z- Biblioteca Jacinto Martínez Lacalle |
||
| 942 | _2udc | ||
| 999 |
_c128227 _d128227 |
||